Paises con más de 100 millones de habitantes - Estadísticas

Estadísticas generales
  • Esta prueba ha sido intentada 80 veces
  • La puntuación promedio es 13 de 15
Estadísticas de respuestas
Continente Habitantes Pais % Correcto
Asia 1.425.671.353 China
99%
América del Norte 339.996.567 Estados Unidos
99%
Asia 1.428.627.666 India
99%
Asia 123.294.516 Japón
97%
América del Norte 128.455.563 México
97%
América del Sur 216.422.450 Brasil
96%
Asia 240.485.666 Pakistán
92%
África 223.804.636 Nigeria
90%
Asia 172.954.325 Bangladés
89%
Asia 277.534.118 Indonesia
87%
Asia 144.444.360 Rusia
86%
África 112.716.599 Egipto
85%
África 102.262.812 República Democrática del Congo
85%
Asia 117.337.366 Filipinas
77%
África 126.527.064 Etiopía
73%
No se encontraron pruebas coincidentes
Distribución de puntuación
Porcentaje de gente con cada puntuación
Porcentaje por número respondido
Historial de tus puntuaciones
No has intentado esta prueba.